Logo BPK

Biblioteka

Politechniki Koszalińskiej

Programowanie w języku Fortran / (Rekord nr 2224)

Szczegóły MARC
000 -ETYKIETA REKORDU
podpole kontrolne o stałej długości 00490nam a2200193 i 4500
001 - NUMER KONTROLNY REKORDU
pole kontrolne bg
040 ## - ŹRÓDŁO KATALOGOWANIA
Instytucja, która utworzyła rekord BPK
041 ## - KOD JĘZYKA
Kod języka tekstu pol
080 ## - UNIWERSALNA KLASYFIKACJA DZIESIĘTNA - UKD
UKD 519.682
008 - POLE O STAŁEJ DŁUGOŚCI - DANE KONTROLNE
podpole kontrolne o stałej długości s pl f |000 0 pol
100 1# - NAZWA OSOBOWA
Nazwa osobowa BAŃKOWSKI, Jacek
245 #0 - TYTUŁ/ODPOWIEDZIALNOŚĆ
Tytuł Programowanie w języku Fortran /
Pozostałe elementy strefy tytułu i oznaczenia odpowiedzialności J. Bańkowski, K. Fiałkowski.
250 ## - STREFA WYDANIA
Oznaczenie wydania Wyd.2.
260 ## - STREFA ADRESU WYDAWNICZEGO
Miejsce wydania Warszawa,
Data publikacji, dystrybucji/powstania dokumentu 1972.
490 1# - STREFA SERII I DOKUMENTU WIELOCZĘŚCIOWEGO - FORMA NIE DO WYSZUKIWANIA
Tytuł i oznaczenie odpowiedzialności serii Biblioteka Informatyki
700 1# - HASŁO DODATKOWE - NAZWA OSOBOWA
Nazwa osobowa FIAŁKOWSKI, Konrad
830 ## - HASŁO DODATKOWE SERII LUB DOKUMENTU WIELOCZĘŚCIOWEGO - TYTUŁ UJEDNOLICONY
Tytuł ujednolicony Biblioteka Informatyki
856 ## - LOKALIZACJA I DOSTĘP DO ELEKTRONICZNYCH DOKUMENTÓW ZDALNYCH
Link (URL) http://koha.tu.koszalin.pl/cgi-bin/koha/opac-detail.pl?biblionumber=2224
Tekst linku Katalog online BPK
942 ## - DODATKOWE ELEMENTY (KOHA)
Typ dokumentu Książka
Egzemplarze
Wycofany Status egzemplarza Uszkodzony Dostępność Lokalizacja stała Lokalizacja bieżąca Miejsce przechowywania Sygnatura Kod kreskowy Typ dokumentu
      Dostępny Biblioteka Politechniki Koszalińskiej Biblioteka Politechniki Koszalińskiej Wypożyczalnia BG P 33669 01970579 Książka
© 2023 Biblioteka Politechniki Koszalińskiej :: KOHA